| 000 | 00710nam a22002057i 4500 | ||
|---|---|---|---|
| 001 | 443 | ||
| 003 | OSt | ||
| 005 | 20170817111642.0 | ||
| 007 | tu | ||
| 008 | 161220s1987 xxu||||| |||| 00| 0 d | ||
| 024 | 7 |
_a442 _2RID |
|
| 040 | _cOSt | ||
| 084 |
_a11.33 _a11.331 _a11.352 _2z |
||
| 245 | 0 | 0 | _aReport on the World Current Account Discrepancy.Final Report of the Working Party on the Statistical Discrepancy in World Current Account Balances |
| 260 |
_aWashington,D.C., _c1987. |
||
| 300 |
_a182 S. ; _c30cm. |
||
| 710 | 2 |
_aInternational Monetary Fund (IMF) _eEd. |
|
| 942 | _cB | ||
| 999 |
_c437 _d437 |
||